通過列車がある地下駅 - Statistics

General Stats
  • This quiz has been taken 323 times
    249 since last reset
  • The average score is 78 of 122
Answer Stats
Hint 駅名 通過列車 % Correct
JR 新橋 特急
81%
JR 新日本橋 特急
80%
JR 馬喰町 特急
80%
メトロ 東新宿 S-TRAIN、急行、通勤急行
80%
西武 新桜台 S-TRAIN、快速急行
79%
小田急 下北沢 特急
78%
横浜高速 新高島 各停以外の優等種別
78%
京急 天空橋 快特、✈快特
77%
モノレール 天空橋 空港快速、区間快速
77%
小田急 東北沢 各駅停車以外の優等種別
76%
メトロ 千川 S-TRAIN、急行、通勤急行
76%
メトロ 北参道 S-TRAIN、急行、通勤急行
76%
横浜高速 日本大通り S-TRAIN、特急
76%
JR 八丁堀 特急
75%
東急 池尻大橋 急行
75%
東急 桜新町 急行
75%
東急 用賀 急行
75%
メトロ 八丁堀 THライナー
75%
メトロ 地下鉄成増 急行
75%
メトロ 地下鉄赤塚 急行
75%
メトロ 氷川台 急行
75%
メトロ 要町 S-TRAIN、急行、通勤急行
75%
メトロ 雑司が谷 S-TRAIN、急行、通勤急行
75%
横浜高速 馬車道 S-TRAIN、特急
75%
京王 国領 各停以外の優等種別
74%
東急 反町 各停以外の優等種別
74%
メトロ 西早稲田 S-TRAIN、急行、通勤急行
74%
都営 岩本町 急行
74%
メトロ 明治神宮前 特急、S-TRAIN
73%
メトロ 平和台 急行
73%
メトロ 小竹向原 S-TRAIN
73%
メトロ 東池袋 S-TRAIN
73%
都営 新宿三丁目 急行
73%
都営 九段下 急行
73%
東急 駒沢大学 急行
72%
京王 布田 各停以外の優等種別
71%
メトロ 東銀座 THライナー
70%
メトロ 人形町 THライナー
70%
都営 東銀座 エアポート快特
70%
都営 人形町 エアポート快特
70%
都営 曙橋 急行
70%
メトロ 池袋 S-TRAIN
69%
JR 越中島 特急、快速
68%
メトロ 湯島 特急
68%
メトロ 根津 特急
68%
メトロ 護国寺 S-TRAIN
68%
メトロ 市ケ谷 S-TRAIN
68%
都営 本所吾妻橋 エアポート快特
68%
小田急 世田谷代田 各駅停車以外の優等種別
67%
小田急 成城学園前 一部特急、快速急行
67%
メトロ 三ノ輪 THライナー
67%
メトロ 代々木公園 特急
67%
メトロ 二重橋前 特急
67%
メトロ 西日暮里 特急
67%
メトロ 町屋 特急
67%
メトロ 月島 S-TRAIN
67%
モノレール 新整備場 空港快速、区間快速
67%
TX 六町 快速、区間快速
67%
近鉄 近鉄日本橋 特急
66%
メトロ 乃木坂 特急
66%
メトロ 国会議事堂前 特急
66%
メトロ 新御茶ノ水 特急
66%
メトロ 千駄木 特急
66%
メトロ 桜田門 S-TRAIN
66%
メトロ 銀座一丁目 S-TRAIN
66%
都営 宝町 エアポート快特
66%
都営 蔵前 エアポート快特
66%
都営 西大島 急行
66%
TX 青井 快速、通勤快速、区間快速
66%
東急 田園調布 各停、急行以外の優等種別
65%
メトロ 赤坂 特急
65%
メトロ 江戸川橋 S-TRAIN
65%
メトロ 永田町 S-TRAIN
65%
都営 一之江 急行
65%
東京メトロ 日比谷 THライナー、特急
64%
メトロ 入谷 THライナー
64%
メトロ 新富町 S-TRAIN
64%
都営 小川町 急行
64%
都営 瑞江 急行
64%
京急 大鳥居 快特、✈快特
63%
メトロ 仲御徒町 THライナー
63%
メトロ 南砂町 快速
63%
メトロ 麹町 S-TRAIN
63%
都営 浅草橋 エアポート快特
63%
都営 住吉 急行
63%
東急 日吉 特急、S-TRAIN
62%
メトロ 築地 THライナー
62%
都営 篠崎 急行
62%
JR 上野 一部新幹線
61%
京王 調布 ライナー
61%
都営 浜町 急行
61%
京阪 神宮丸太町 快速急行以上の優等種別
60%
京阪 清水五条 快速急行以上の優等種別
59%
メトロ 小伝馬町 THライナー
59%
横浜市交 北新横浜 快速
57%
東急 西小山 急行
56%
都営 菊川 急行
56%
横浜市交 伊勢佐木長者町 快速
55%
横浜市交 三ツ沢下町 快速
55%
横浜市交 三ツ沢上町 快速
55%
横浜市交 弘明寺 快速
52%
横浜市交 高島町 快速
52%
北総鉄道 矢切 普通以外の優等種別
52%
東急 洗足 急行
50%
横浜市交 舞岡 快速
48%
長野電鉄 市役所前 A特急
48%
阪急 大宮 快速特急、特急
47%
横浜市交 下永谷 快速
47%
山陽電鉄 西代 一部の直通特急
47%
長野電鉄 善光寺下 A特急、B特急
45%
横浜市交 蒔田 快速
44%
横浜市交 阪東橋 快速
44%
横浜市交 港南中央 快速
42%
横浜市交 岸根公園 快速
42%
阪急 西院 快速特急、特急
41%
TX みらい平 快速、通勤快速
39%
阪神 福島 普通、区間急行以外の優等種別
35%
阪神 春日野道 普通以外の優等種別
35%
横浜市交 吉野町 快速
35%
横浜市交 片倉町 快速
35%
阪神 西元町 一部の直通特急、S特急
32%
阪神 大開 一部の直通特急
30%
No matching quizzes found
Score Distribution
Percent of People with Each Score
Percentile by Number Answered
Your Score History
You have not taken this quiz since the last reset